书目信息 |
| 题名: |
机械工程控制基础
|
|
| 作者: | 杨叔子 编著 | |
| 分册: | ||
| 出版信息: | 武汉 华中工学院出版社 2002.01 |
|
| 页数: | 331页 | |
| 开本: | 26cm | |
| 丛书名: | ||
| 单 册: | ||
| 中图分类: | TH-43 | |
| 科图分类: | ||
| 主题词: | 机械工业 , 仪表工业 | |
| 电子资源: | ||
| ISBN: | 7-5609-2628-2 | |
| 000 | 00593nam0 2200205 45 | |
| 001 | 0436182277 | |
| 005 | 2004061010030216 | |
| 010 | @a7-5609-2628-2@dCNY 26.80 | |
| 100 | @a20040610d2002 km y0chiy0120 ea | |
| 101 | 0 | @achi |
| 102 | @aCN@b420000 | |
| 200 | 1 | @a机械工程控制基础@AJi Xie Gong Cheng Kong Zhi Ji Chu@f杨叔子等编著@FYang Shu Zi Deng Bian Zhu |
| 210 | @a武汉@c华中工学院出版社@d2002.01 | |
| 215 | @a331页@d26cm | |
| 606 | 0 | @a机械工业 |
| 606 | 0 | @a仪表工业 |
| 690 | @aTH-43@v3 | |
| 701 | 0 | @a杨叔子@AYang Shu Zi@4编著 |
| 801 | 0 | @aCN@bPFT@c20040610 |
| 905 | @a安徽大学@dTH-43@eY279 | |
| 机械工程控制基础/杨叔子等编著.-武汉:华中工学院出版社,2002.01 |
| 331页;26cm |
| ISBN 7-5609-2628-2:CNY 26.80 |
| ● |
| 相关链接 |
|
|
|
正题名:机械工程控制基础
索取号:TH-43/Y279
 
预约/预借
| 序号 | 登录号 | 条形码 | 馆藏地/架位号 | 状态 | 备注 |
| 1 | 379550 | 203795508 | 自科库501/501自科库 31排2列2层/ [索取号:TH-43/Y279] | 在馆 | |
| 2 | 379551 | 203795517 | 自科二线400A/ [索取号:TH-43/Y279] | 在馆 |